Normal view
MARC view
- SONDE, B. S
Entry Personal Name
001 - CONTROL NUMBER
- control field: 74962
003 - CONTROL NUMBER IDENTIFIER
- control field: NUST
005 - DATE AND TIME OF LATEST TRANSACTION
- control field: 20210628205327.0
008 - FIXED-LENGTH DATA ELEMENTS
- fixed length control field: 210628|| aca||aabn | a|a d
040 ## - CATALOGING SOURCE
- Original cataloging agency: NUST
- Transcribing agency: NUST
100 ## - HEADING--PERSONAL NAME
- Personal name: SONDE, B. S
670 ## - SOURCE DATA FOUND
- Source citation: Work cat.: (NUST): SONDE, B. S, BROAD BAND AMPLIFIERS MONOGRAPHS ON SOLID STATE ELECTRONIC INSTRUMENTATION, 1972
